000
00271nam a2200109Ia 4500
008
220204s9999 xx 000 0 und d
082
_a
159.9
_b
GRE
100
_a
Greenwald, J
245
0
_a
Be the person you were meant to be
260
_a
New York
_b
Dell
_c
1973
942
_c
BK
999
_c
33488
_d
33488